Planning and mobile phone masts (Record no. 120649)
[ view plain ]
| 000 -LEADER | |
|---|---|
| fixed length control field | 01110cai a22001935a 4500 |
| 001 - CONTROL NUMBER | |
| control field | L142696 |
| 008 - FIXED-LENGTH DATA ELEMENTS--GENERAL INFORMATION | |
| fixed length control field | 080229u xxk g 000 0 eng d |
| 035 ## - SYSTEM CONTROL NUMBER | |
| System control number | (Sirsi) u142696 |
| 041 0# - LANGUAGE CODE | |
| Language code of text/sound track or separate title | eng |
| 110 2# - MAIN ENTRY--CORPORATE NAME | |
| Corporate name or jurisdiction name as entry element | United Kingdom |
| Subordinate unit | Department for Communities and Local Government |
| -- | Planning Portal |
| 9 (RLIN) | 5103 |
| 245 00 - TITLE STATEMENT | |
| Title | Planning and mobile phone masts |
| Medium | [electronic resource] |
| 520 ## - SUMMARY, ETC. | |
| Summary, etc. | Provides details on planning issues surrounding mobile phone masts. Provides details on network operation and how this is facilitated by masts. Explains planning regulations, which seek to minimise environmental impact. Consultation and appeal procedures are outlined. Concerns about health related issues are addressed. A selection of frequently asked questions together with answers is presented. |
| 590 ## - LOCAL NOTE (RLIN) | |
| Local note | KA |
| 651 #4 - SUBJECT ADDED ENTRY--GEOGRAPHIC NAME | |
| Geographic name | United Kingdom |
| Chronological subdivision | |
| 690 ## - LOCAL SUBJECT ADDED ENTRY--TOPICAL TERM (OCLC, RLIN) | |
| Topical term or geographic name as entry element | Planning and development |
| 9 (RLIN) | 6259 |
| 690 ## - LOCAL SUBJECT ADDED ENTRY--TOPICAL TERM (OCLC, RLIN) | |
| Topical term or geographic name as entry element | PROPERTY-INFRASTRUCTURE-TELECOMMUNICATIONS INFRASTRUCTURE |
| 856 40 - ELECTRONIC LOCATION AND ACCESS | |
| Uniform Resource Identifier | <a href="https://www.planningportal.gov.uk/england/genpub/en/1115315371796.html">https://www.planningportal.gov.uk/england/genpub/en/1115315371796.html</a> |
| Public note | View the website free of charge at www.planningportal.gov.uk... |
| 942 ## - ADDED ENTRY ELEMENTS (KOHA) | |
| Suppress in OPAC | 0 |
| Withdrawn status | Lost status | Source of classification or shelving scheme | Damaged status | Not for loan | Home library | Current library | Shelving location | Date acquired | Total Checkouts | Full call number | Barcode | Date last seen | Copy number | Price effective from | Koha item type |
|---|---|---|---|---|---|---|---|---|---|---|---|---|---|---|---|
| Dewey Decimal Classification | Virtual | Virtual | Online | 29/02/2008 | ONLINE PUBLICATION | 142696-1001 | 06/08/2019 | 1 | 06/08/2019 | Online material |